O profesorze Jerzym Altkornie
Rozlúčka s profesorom Jerzym Altkornom (1931-2004) za Ekonomickú univerzitu v Bratislave.
Gespeichert in:
| 1. Verfasser: | |
|---|---|
| Format: | Buchkapitel |
| Sprache: | Polnisch |
| Schlagworte: | |
| Tags: |
Keine Tags, Fügen Sie das erste Tag hinzu!
|
MARC
| LEADER | 00000naa$a2200000$$$4500 | ||
|---|---|---|---|
| 001 | 0047986 | ||
| 005 | 20240502083128.7 | ||
| 041 | 0 | |a pol | |
| 044 | |a PL | ||
| 245 | 1 | 0 | |a O profesorze Jerzym Altkornie |c Kristína Viestová |
| 520 | |a Rozlúčka s profesorom Jerzym Altkornom (1931-2004) za Ekonomickú univerzitu v Bratislave. | ||
| 610 | 2 | 0 | |a ekonómovia |
| 610 | 2 | 0 | |a Altkorn, J. |
| 610 | 2 | 0 | |a Poľsko |
| 100 | 1 | |a Viestová, Kristína | |